000 00933nam a2200217Ia 4500
003 IN-BaIIA
008 211028s9999 xx 000 0 eng d
040 _cIIA Library
080 _a524.352(082.2)
_bSUP
100 _aLabhardt, Lukas
_923180
111 _aColloquium Held in Honor of Gustav Andreas Tammann on the Occasion of His 65th Birthday
_cAugst, Switzerland
_d35594
_923181
245 0 _aSupernovae and cosmology
_bproceedings of a colloquium held in honor of Gustav Andreas Tammann on the occasion of his 65th birthday, held in Augst, Switzerland, 13 Jun 1997
_cLukas Labhardt, Bruno Binggeliand Ronald Buser
260 _aSwitzerland
_bAstronomisches Institut der Universitat Basel
_c1998
300 _axi, 227p.
650 _aCosmic rays
650 _aCosmology
650 _aSupernovae
700 _aBinggeli, Bruno
_923182
700 _aBuser, Ronald .
_923183
942 _cBK
999 _c13159
_d13159